00967cam a2200241 a 450000100100000000500170001000800410002702000150006803500190008304000250010205000220012708200140014910000400016324501040020326000580030730000200036549000670038550000780045258600720053070000290060270000270063183000670065800001203620200929162651.0940802s1993 ck 000 f spa  a9586121607 a(DLC) 94190483 aDO-SdBNPcDLCdBNPHU00aMLCS 97/10240 (P) annbA594r1 aAngulo Ponce, María Juana,d1931-10aRelatos de mar y selva /cMaría Juana Angulo Ponce, Carlina Andrade ; recopilador, Alfredo Vanin. aSantafé de Bogota, (Colombia) :bColcultura,c1993. a62 p. ;c21 cm.1 aPremios nacionales '93aLiteratura oral negra y raizal exqequo a"Premios nacionales '93. Literatura oral negra y raizal ex-aequo"--Cover. aPremios nacional al rescate de la tradición negra y raizal, 1993.1 aAndrade, Carlina,d1931-1 aVanin, Alfredo,d1950- 0aPremios nacionales '93pLiteratura oral negra y raizal exqequo